01912nam a2200373 a 4500001001200000003000800012006001900020007001500039008004100054010001700095020001800112020001500130040002100145035002100166043001200187050002700199245033100226260005700557300005800614504005400672533015200726650004700878650004500925650004700970650004401017650002301061655002901084710011301113710007501226710005801301710003601359710001701395856012601412ebr10290048CaPaEBRm u cr cn|||||||||090928s2009 dcuab sb 000 0 eng d z 2009923757 z9780309131735 z0309131731 aCaPaEBRcCaPaEBR a(OCoLC)568279746 an-us---14aQC903.2.U6bR47 2009eb00aRestructuring federal climate research to meet the challenges of climate changeh[electronic resource] /cCommittee on Strategic Advice on the U.S. Climate Change Science Program, Division on Earth and Life Studies, Division of Behavioral and Social Sciences and Education, National Research Council of the National Academies. aWashington, D.C. :bNational Academies Press,c2009. axii, 254 p. :bill. (some col.), maps (chiefly col.). aIncludes bibliographical references (p. 123-145). aElectronic reproduction.bPalo Alto, Calif. :cebrary,d2013.nAvailable via World Wide Web.nAccess may be limited to ebrary affiliated libraries. 0aClimatic changesxResearchzUnited States. 0aGlobal warmingxResearchzUnited States. 0aGreenhouse gasesxResearchzUnited States. 0aFederal aid to researchzUnited States. 0aScience and state. 7aElectronic books.2local2 aNational Research Council (U.S.).bCommittee on Strategic Advice on the U.S. Climate Change Science Program.2 aNational Research Council (U.S.).bDivision on Earth and Life Studies.2 aCenter for Studies of Behavior and Development (U.S.)2 aNational Academies Press (U.S.)2 aebrary, Inc.40uhttp://site.ebrary.com/lib/rucke/Doc?id=10290048zAn electronic book accessible through the World Wide Web; click to view